Educar / (Record no. 58664)
[ view plain ]
| 000 -LEADER | |
|---|---|
| campo de control de longitud fija | 01345nam a2200337 i 4500 |
| 001 - NÚMERO DE CONTROL | |
| campo de control | 58664 |
| 003 - IDENTIFICADOR DE NÚMERO DE CONTROL | |
| campo de control | ES-MaACL |
| 005 - FECHA Y HORA DE LA ÚLTIMA TRANSACCIÓN | |
| campo de control | 20250828022449.0 |
| 007 - CAMPO FIJO DE DESCRIPCIÓN FÍSICA--INFORMACIÓN GENERAL | |
| campo de control de longitud fija | t| |
| 008 - DATOS DE LONGITUD FIJA--INFORMACIÓN GENERAL | |
| campo de control de longitud fija | 031023m19661967sp ||||1| spa d |
| 245 00 - MENCIÓN DEL TÍTULO | |
| Título | Educar / |
| Mención de responsabilidad, etc. | [traducción de José Antonio Ríos y Ester Cantero]. |
| 260 ## - PUBLICACIÓN, DISTRIBUCIÓN, ETC. | |
| Lugar de publicación, distribución, etc. | Salamanca : |
| Nombre del editor, distribuidor, etc. | Sígueme, |
| Fecha de publicación, distribución, etc. | 1966-67. |
| 300 ## - DESCRIPCIÓN FÍSICA | |
| Extensión | 3 v. ; |
| Dimensiones | 22 cm. |
| 490 1# - MENCIÓN DE SERIE | |
| Mención de serie | Lux Mundi ; |
| Designación de volumen o secuencia | 15, 16 y 17 |
| 500 ## - NOTA GENERAL | |
| Nota general | Precede al tít.: Pontificio Ateneo Salesiano. |
| 505 8# - NOTA DE CONTENIDO CON FORMATO | |
| Nota de contenido con formato | Contiene: V. I.: Pedagogía y didáctica / P. Braido .. [et al.]. -- V. II.: Metodología de la investigación psicopedagógica. Psicología general, evolutiva y diferencial / L. Calonghi ... [et al.]. -- V. III.: Metodología de la catequesis / G. Dohl, L. Csonka, G.C. Negri |
| 650 07 - PUNTO DE ACCESO ADICIONAL DE MATERIA--TÉRMINO DE MATERIA | |
| Término de materia o nombre geográfico como elemento de entrada | Pedagogía |
| Fuente del encabezamiento o término | embne |
| 9 (RLIN) | 15904 |
| 650 07 - PUNTO DE ACCESO ADICIONAL DE MATERIA--TÉRMINO DE MATERIA | |
| Término de materia o nombre geográfico como elemento de entrada | Psicología |
| Fuente del encabezamiento o término | embne |
| 9 (RLIN) | 16540 |
| 650 #7 - PUNTO DE ACCESO ADICIONAL DE MATERIA--TÉRMINO DE MATERIA | |
| Término de materia o nombre geográfico como elemento de entrada | Educación cristiana |
| Fuente del encabezamiento o término | embne |
| 9 (RLIN) | 12090 |
| 700 1# - ENTRADA AGREGADA--NOMBRE PERSONAL | |
| Nombre de persona | Ríos, José Antonio. |
| 9 (RLIN) | 97365 |
| 700 1# - ENTRADA AGREGADA--NOMBRE PERSONAL | |
| Nombre de persona | Cantero, Ester. |
| 9 (RLIN) | 34648 |
| 700 1# - ENTRADA AGREGADA--NOMBRE PERSONAL | |
| Nombre de persona | Braido, Pietro. |
| 9 (RLIN) | 140256 |
| 700 1# - ENTRADA AGREGADA--NOMBRE PERSONAL | |
| Nombre de persona | Calonghi, Luigi. |
| 9 (RLIN) | 33778 |
| 700 1# - ENTRADA AGREGADA--NOMBRE PERSONAL | |
| Nombre de persona | Csonka, L. |
| 9 (RLIN) | 41871 |
| 700 1# - ENTRADA AGREGADA--NOMBRE PERSONAL | |
| Nombre de persona | Negri, G. C. |
| 9 (RLIN) | 85301 |
| 700 1# - ENTRADA AGREGADA--NOMBRE PERSONAL | |
| Nombre de persona | Dho, Giovenale. |
| 9 (RLIN) | 44068 |
| 710 2# - ENTRADA AGREGADA--NOMBRE DE ENTIDAD CORPORATIVA | |
| Nombre de entidad corporativa o nombre de jurisdicción como elemento de entrada | Pontificio Ateneo Salesiano. |
| 9 (RLIN) | 6239 |
| 830 0# - PUNTO DE ACCESO ADICIONAL DE SERIE-TÍTULO UNIFORME | |
| Título uniforme | Lux Mundi ; |
| Designación de volumen o secuencia | 15, 16 y 17 |
| 9 (RLIN) | 182650 |
| 852 ## - LOCALIZACIÓN | |
| Ubicación | ES-MaACL |
| Número de control de estantería | P-1143 |
| Sublocalización o colección | R.62161 |
| Estatus retirado | Estado de pérdida | Estado de daño | No para préstamo | Biblioteca de origen | Biblioteca actual | Ubicación en estantería | Fecha de adquisición | Fuente de adquisición | Total de préstamos | Signatura topográfica completa | Código de barras | Visto por última vez | Precio de reemplazo | Tipo de ítem Koha |
|---|---|---|---|---|---|---|---|---|---|---|---|---|---|---|
| Biblioteca del Ateneo de Madrid | Biblioteca del Ateneo de Madrid | Depósito 2 | 17/01/2008 | P-1143 | 1061545 | 23/02/2023 | 23/02/2023 | Libro impreso |
